Les clubs des Ballons d'or - Statistiques

Statistiques générales
  • Ce quiz a été pris 738 fois
  • Le résultat moyen est 66 sur 76
Statistiques - réponses
Année Footballeur Clubs % Correct
1960 Luis Suárez FC Barcelone
100%
" " FC Barcelone
100%
1974 Johan Cruijff FC Barcelone
100%
1997 Ronaldo FC Barcelone
100%
1999 Rivaldo FC Barcelone
100%
2000 Luís Figo FC Barcelone
100%
2005 Ronaldinho FC Barcelone
100%
2009 Lionel Messi FC Barcelone
100%
2010 Lionel Messi FC Barcelone
100%
2011 Lionel Messi FC Barcelone
100%
2012 Lionel Messi FC Barcelone
100%
2015 Lionel Messi FC Barcelone
100%
2019 Lionel Messi FC Barcelone
100%
2021 Lionel Messi FC Barcelone
100%
1957 Alfredo Di Stéfano Real Madrid
100%
1958 Raymond Kopa Real Madrid
100%
1959 Alfredo Di Stéfano Real Madrid
100%
" " Real Madrid
100%
" " Real Madrid
100%
" " Real Madrid
100%
2013 Cristiano Ronaldo Real Madrid
100%
2014 Cristiano Ronaldo Real Madrid
100%
2016 Cristiano Ronaldo Real Madrid
100%
2017 Cristiano Ronaldo Real Madrid
100%
2018 Luka Modrić Real Madrid
100%
2022 Karim Benzema Real Madrid
100%
1970 Gerd Müller Bayern
99%
1972 Franz Beckenbauer Bayern
99%
1976 Franz Beckenbeauer Bayern
99%
1980 Karl-Heinz Rummenigge Bayern
99%
1981 Karl-Heinz Rummenigge Bayern
99%
1964 Denis Law Manchester United
99%
1966 Bobby Charlton Manchester United
99%
1968 George Best Manchester United
99%
2008 Cristiano Ronaldo Manchester United
99%
1961 Omar Sívori Juventus
98%
1982 Paolo Rossi Juventus
98%
1983 Michel Platini Juventus
98%
1984 Michel Platini Juventus
98%
1985 Michel Platini Juventus
98%
1993 Roberto Baggio Juventus
98%
1998 Zinédine Zidane Juventus
98%
2003 Pavel Nedvěd Juventus
98%
2006 Fabio Cannavaro Juventus
98%
1969 Gianni Rivera AC Milan
97%
" " AC Milan
97%
1988 Marco van Basten AC Milan
97%
1989 Marco van Basten AC Milan
97%
1992 Marco van Basten AC Milan
97%
" " AC Milan
97%
2004 Andriy Chevtchenko AC Milan
97%
2007 Kaká AC Milan
97%
1990 Lothar Matthäus Inter Milan
97%
" " Inter Milan
97%
2002 Ronaldo Inter Milan
97%
1995 George Weah Paris-SG
97%
" " Paris-SG
97%
2023 Lionel Messi Paris-SG
97%
1991 Jean-Pierre Papin Marseille
95%
1971 Johan Cruijff Ajax
92%
1973 Johan Cruijff Ajax
92%
2001 Michael Owen Liverpool
89%
1994 Hristo Stoitchkov FC Barcelone
87%
1996 Matthias Sammer Dortmund
82%
1987 Ruud Gullit PSV Eindhoven
67%
1965 Eusébio Benfica
63%
" " Inter Miami
51%
1975 Oleg Blokhine Dynamo Kiev
24%
1986 Igor Belanov Dynamo Kiev
24%
1978 Kevin Keegan Hambourg SV
23%
1979 Kevin Keegan Hambourg SV
23%
1963 Lev Yachine Dynamo Moscou
22%
1967 Flórián Albert Ferencváros TC
11%
1956 Stanley Matthews Blackpool
10%
1977 Allan Simonsen Mönchengladbach
8%
1962 Josef Masopust Dukla Prague
6%
Aucun quiz correspondant
Distribution des résultats
% des personnes avec chaque résultat
Percentile par nombre de réponses
Votre historique - résultats
Vous n’avez pas pris ce quiz